[Event "Moscow Petrosian Memorial U18"]
[Site "Moscow"]
[Date "2005.01.??"]
[Round "7"]
[White "Lozbenev, Pavel"]
[Black "Ozerov, Dmitry"]
[Result "0-1"]
[WhiteElo "2118"]
[BlackElo "2095"]
[PlyCount "58"]
[EventDate "2005.01.??"]
[EventType "swiss"]
[EventRounds "9"]
[EventCountry "RUS"]
[SourceTitle "EXT 2006"]
[Source "ChessBase"]
[SourceDate "2005.11.24"]
[SourceVersion "1"]
[SourceVersionDate "2005.11.24"]
[SourceQuality "1"]

1. d4 d5 2. c4 e6 3. Nc3 c6 4. Nf3 dxc4 5. a4 Bb4 6. e3 b5 7. Ne5 Qc7 8. Qg4 Kf8 9. Bd2 Bxc3 10. Bxc3 Nf6 11. Qg3 Qe7 12. Be2 Ne4 13. Qf3 Nxc3 14. bxc3 Bb7 15. 0-0 Kg8 16. Qg3 Nd7 17. f4 f5 18. Bf3 Nxe5 19. fxe5 a6 20. e4 Rf8 21. exf5 Rxf5 22. Bg4 Rxf1+ 23. Rxf1 h5 24. Bf3 Rh6 25. Be4 c5 26. Bg6 cxd4 27. Rf7 Rxg6 28. Rxe7 Rxg3 29. hxg3 dxc3 0-1